000 00431nam a2200181Ia 4500
001 9747
005 20260306161741.0
008 260306t2017||||xx |||||||||||||| ||spa||
041 _aESP
082 _a410
_bS718 2017
100 _aSaussure, Ferdinand de
_eAUT
245 0 _aCurso de lingüística general
260 _c2017
300 _a319 páginas :
_c22 cm.
650 _aGEN
654 _aCED
942 _cLIB
_dJUS
_fJUS
_2ddc
_n
999 _c9747
_d9747